LEADER 00885nam a2200253 i 4500 001 991001799809707536 005 20020507151848.0 008 001129s|||| it ||| | ita 020 $a8802051895 (v.1) 035 $ab11565755-39ule_inst 035 $aLE02725396$9ExL 040 $aDip.to Studi Giuridici$bita 084 $aCM-VI/A 100 1 $aGardani Contursi Lisi, Lycia$0227741 245 10$aContratti atipici /$cLycia Gardani Contursi-Lisi 260 $aTorino :$bUTET, 300 $av. ;$c25 cm. 490 0 $aGiurisprudenza sistematica di diritto civile e commerciale 907 $a.b11565755$b01-03-17$c02-07-02 912 $a991001799809707536 945 $aLE027 CM-VI/A 41$g1$iLE027-496$lle027$o-$pE0.00$q-$rl$s- $t0$u0$v0$w0$x0$y.i11769105$z02-07-02 996 $aContratti atipici$9191875 997 $aUNISALENTO 998 $ale027$b01-01-00$cm$da $e-$fita$git $h0$i1 LEADER 03745nam 2200421 450 001 9910798546903321 005 20230808194443.0 010 $a1-4985-2629-2 035 $a(CKB)3710000000769482 035 $a(MiAaPQ)EBC4605475 035 $a(EXLCZ)993710000000769482 100 $a20160819h20162016 uy 0 101 0 $aeng 135 $aurcnu|||||||| 181 $2rdacontent 182 $2rdamedia 183 $2rdacarrier 200 10$aFolk art and modern culture in Republican China /$fFelicity Lufkin 210 1$aLanham, Maryland :$cLexington Books,$d2016. 210 4$d©2016 215 $a1 online resource (317 pages) 311 $a1-4985-2630-6 311 $a1-4985-2628-4 320 $aIncludes bibliographical references and index. 327 $aIntroduction : Art, folk art, and the modern nation -- Part I. Folk art and national culture in the Nanjing decade. Imagining folk art in urban China -- Prints as popular art : folk prints and new prints -- The folkloric prints of the modern print association -- The folk picture exhibition -- Part II. Folk art and propaganda in the anti-Japanese war. Resistance door gods in the nationalist areas -- Popularizing prints in the Communist base areas -- Folk style and visual rhetoric in and beyond Yan'an. 330 $aFolk art is now widely recognized as an integral part of the modern Chinese cultural heritage, but in the early twentieth century, awareness of folk art as a distinct category in the visual arts was new. Internationally, intellectuals in different countries used folk arts to affirm national identity and cultural continuity in the midst of the changes of the modern era. In China, artists, critics and educators likewise saw folk art as a potentially valuable resource: perhaps it could be a fresh source of cultural inspiration and energy, representing the authentic voice of the people in contrast to what could be seen as the limited and elitist classical tradition. At the same time, many Chinese intellectuals also saw folk art as a problem: they believed that folk art, as it was, promoted superstitious and backward ideas that were incompatible with modernization and progress. In either case, folk art was too important to be left in the hands of the folk: educated artists and researchers felt a responsibility to intervene, to reform folk art and create new popular art forms that would better serve the needs of the modern nation. In the early 1930s, folk art began to figure in the debates on social role of art and artists that were waged in the pages of the Chinese press, the first major exhibition of folk art was held in Hangzhou, and the new print movement claimed the print as a popular artistic medium while, for the most part, declaring its distance from contemporary folk printmaking practices. During the war against Japan, from 1937 to 1945, educated artists deployed imagery and styles drawn from folk art in morale-boosting propaganda images, but worried that this work fell short of true artistic accomplishment and pandering to outmoded tastes. The questions raised in interaction with folk art during this pivotal period, questions about heritage, about the social position of art, and the exercise of cultural authority continue to resonate into the present day--$cSource other than Library of Congress. 606 $aFolk art$zChina$xHistory$y20th century 607 $aChina$xCivilization$y20th century 615 0$aFolk art$xHistory 676 $a745.0951 700 $aLufkin$b Felicity$01557493 801 0$bMiAaPQ 801 1$bMiAaPQ 801 2$bMiAaPQ 906 $aBOOK 912 $a9910798546903321 996 $aFolk art and modern culture in Republican China$93821056 997 $aUNINA LEADER 05651oam 22011054 450 001 9910165035503321 005 20250426110853.0 010 $a9781475574883 010 $a1475574886 010 $a9781475539516 010 $a1475539517 035 $a(CKB)3710000001064754 035 $a(MiAaPQ)EBC4807082 035 $a(Au-PeEL)EBL4807082 035 $a(CaPaEBR)ebr11349512 035 $a(OCoLC)974593554 035 $a(BIP)077139206 035 $a(IMF)WAEMUFA 035 $a(Perlego)1667332 035 $aWAEMUFA 035 $a(EXLCZ)993710000001064754 100 $a20020129d2016 uf 0 101 0 $afre 135 $aurcnu|||||||| 181 $ctxt$2rdacontent 182 $cc$2rdamedia 183 $acr$2rdacarrier 200 10$aConstruire des économies intégrées en Afrique de l'Ouest : $eExpériences de la gestion de la croissance, de l?inclusion et de la volatilité /$fAlexei Kireyev 205 $a1st ed. 210 1$aWashington, D.C. :$cInternational Monetary Fund,$d2016. 215 $a1 online resource (394 pages) 311 08$a9781475532258 311 08$a1475532253 327 $aCover -- Table des matie?res -- Avant-propos -- Remerciements -- Contributeurs -- Abre?viations -- Introduction: Lec?ons de l'UEMOA : conclusions et recommandations -- PARTIE I: TOUR D'HORIZON ET E?LABORATION DES POLITIQUES PUBLIQUES -- 1 Me?canismes institutionnels et inte?gration re?gionale -- 2 Contexte macroe?conomique et de?fis actuels -- 3 Coordination de la politique macroe?conomique -- PARTIE II: CROISSANCE ET INCLUSION -- 4 En que?te d'une croissance plus soutenue? -- 5 Chocs de croissance -- 6 Transformation structurelle et diversification -- 7 Croissance solidaire et e?galite? -- 8 Financer la croissance -- PARTIE III: POLITIQUE BUDGE?TAIRE ET COORDINATION -- 9 Re?gles et institutions budge?taires -- 10 Discipline budge?taire: re?gles et marche?s -- 11 Investissement public et re?gles budge?taires -- 12 Espace budge?taire et augmentation de l'investissement -- 13 Coordination et concurrence fiscales -- 14 Marche? re?gional de la dette souveraine -- PARTIE IV: POLITIQUE MONE?TAIRE RE?GIONALE -- 15 La politique mone?taire dans une union mone?taire -- 16 Effets pays d'une politique mone?taire unique -- 17 Injections de liquidite? et risques -- 18 Politique mone?taire et inflation -- PARTIE V: DE?VELOPPEMENT FINANCIER ET STABILITE? -- 19 Structure du syste?me financier -- 20 De?veloppement financier: niveau, profondeur et accessibilite? des syste?mes financiers -- 21 Ame?lioration de l'acce?s aux services financiers -- 22 Stabilite? du secteur financier -- 23 Banque mobile -- PARTIE VI: COMPE?TITIVITE? ET INTE?GRATION -- 24 Re?seau d'e?changes re?gionaux -- 25 Re?percussions macroe?conomiques des changements tarifaires -- 26 L'investissement exte?rieur dans la dette publique -- 27 Inte?gration et re?duction de la pauvrete?. 330 3 $aCet ouvrage examine comment l'UEMOA, union monétaire au parcours historique long et varié, peut atteindre ses objectifs de développement et de stabilité, améliorer les conditions de vie de ses citoyens et assurer une meilleure répartition des bienfaits de la croissance économique tout en préservant sa stabilité financière, en rehaussant sa compétitivité et en maintenant les taux de change fixes actuels. 410 0$aBooks 517 $aConstuire des économies intégrées en Afrique de l’Ouest 606 $aBanking$2imf 606 $aBanks and Banking$2imf 606 $aBanks and banking$2imf 606 $aBanks$2imf 606 $aDepository Institutions$2imf 606 $aExports and Imports$2imf 606 $aFinance$2imf 606 $aFiscal Policy$2imf 606 $aFiscal policy$2imf 606 $aGovernment Policy$2imf 606 $aInflation$2imf 606 $aInterest rates$2imf 606 $aInterest Rates: Determination, Term Structure, and Effects$2imf 606 $aMacroeconomics$2imf 606 $aMicro Finance Institutions$2imf 606 $aMortgages$2imf 606 $aPoverty$2imf 606 $aProvision and Effects of Welfare Program$2imf 606 $aPublic debt$2imf 606 $aPublic finance & taxation$2imf 606 $aPublic Finance$2imf 606 $aRevenue administration$2imf 606 $aRevenue$2imf 606 $aSocial Services and Welfare$2imf 606 $aSocial welfare & social services$2imf 606 $aTaxation, Subsidies, and Revenue: General$2imf 607 $aCôte d'Ivoire$2imf 615 7$aBanking 615 7$aBanks and Banking 615 7$aBanks and banking 615 7$aBanks 615 7$aDepository Institutions 615 7$aExports and Imports 615 7$aFinance 615 7$aFiscal Policy 615 7$aFiscal policy 615 7$aGovernment Policy 615 7$aInflation 615 7$aInterest rates 615 7$aInterest Rates: Determination, Term Structure, and Effects 615 7$aMacroeconomics 615 7$aMicro Finance Institutions 615 7$aMortgages 615 7$aPoverty 615 7$aProvision and Effects of Welfare Program 615 7$aPublic debt 615 7$aPublic finance & taxation 615 7$aPublic Finance 615 7$aRevenue administration 615 7$aRevenue 615 7$aSocial Services and Welfare 615 7$aSocial welfare & social services 615 7$aTaxation, Subsidies, and Revenue: General 700 $aKireyev$b Alexei 801 0$bDcWaIMF 906 $aBOOK 912 $a9910165035503321 997 $aUNINA